000
00237nam a2200097Ia 4500
001
1220307
005
20250827092808.0
008
250824s9999 xx 000 0 und d
245
0
_a
KIRILMIŞ
_c
ROBIN WAASERMAN
260
_b
MARTI YAYINCILIK
999
_c
1220307
_d
1220307